Statistics for The Ten least guessed Countries

Click here to take the quiz!

General Stats

  • This quiz has been taken 14 times
  • The average score is 6 of 10

Answer Stats

HintAnswer% Correct
24%Nauru
79%
25%Saint Vincent and the Grenadines
71%
26%Palau
64%
24%São Tomé and Príncipe
64%
27%Tuvalu
64%
27%Vanuatu
64%
25%Comoros
57%
26%Kiribati
57%
28%Saint Kitts and Nevis
50%
26%Grenada
43%

Score Distribution

Percentile by Number Answered

Percent of People with Each Score

Your Score History

You have not taken this quiz